Vytváříme mořské živočichy z korálků /

Hlavní autor: Kochová, Blanka, 1991-
Jazyk: Čeština
Vydáno: Litvínovice : Élysion, 2016
Vydání: Vydání první
Edice: Hobby (Élysion)
Témata:
Fyzický popis: 118 stran : ilustrace (převážně barevné) ; 26 cm
Knihy
Uloženo v:
LEADER 01871nam a2200553 i 4500
001 nkc20162827306
003 CZ PrNK
005 20170608104805.0
007 ta
008 160817s2016 xr a g f 000 0 cze
015 |a cnb002827306 
020 |a 978-80-87757-06-2  |q (vázáno) 
035 |a (OCoLC)958229803 
040 |a BOA001  |b cze  |d ABA001  |e rda 
072 7 |a 74  |x Kresba. Umělecká řemesla  |2 Konspekt  |9 21 
080 |a 745.5-023.823  |2 MRF 
080 |a 688.78/.79  |2 MRF 
080 |a 688.72  |2 MRF 
080 |a 592/599(26)  |2 MRF 
080 |a 7.048  |2 MRF 
080 |a (035)  |2 MRF 
100 1 |a Kochová, Blanka,  |d 1991-  |7 ola2012734429  |4 aut 
245 1 0 |a Vytváříme mořské živočichy z korálků /  |c Blanka Trávníková 
250 |a Vydání první 
264 1 |a Litvínovice :  |b Élysion,  |c 2016 
300 |a 118 stran :  |b ilustrace (převážně barevné) ;  |c 26 cm 
336 |a text  |b txt  |2 rdacontent 
336 |a statický obraz  |b sti  |2 rdacontent 
337 |a bez média  |b n  |2 rdamedia 
338 |a svazek  |b nc  |2 rdacarrier 
490 1 |a Hobby 
650 0 7 |a výtvarné práce z korálků  |7 ph202158  |2 czenas 
650 0 7 |a dekorační předměty  |7 ph114300  |2 czenas 
650 0 7 |a figurky  |7 ph129162  |2 czenas 
650 0 7 |a mořští živočichové  |7 ph123031  |2 czenas 
650 0 7 |a vzory (motivy)  |7 ph184911  |2 czenas 
650 0 9 |a beadwork  |2 eczenas 
650 0 9 |a decorative objects  |2 eczenas 
650 0 9 |a small figures  |2 eczenas 
650 0 9 |a sea animals  |2 eczenas 
650 0 9 |a patterns (design elements)  |2 eczenas 
655 7 |a příručky  |7 fd133209  |2 czenas 
655 9 |a handbooks and manuals  |2 eczenas 
830 0 |a Hobby (Élysion)  |0 s 
910 2 |a BOA001  |b 3-1371.687 
990 |a BK 
995 |a 01 
991 |b 201608  |c NOV 
996 6 |b 2610679628  |c 3-1371.687  |l MZK  |r Sklad / do 1 hodiny  |n 0  |p p.v.  |w 001575096  |u 000010  |a 1  |e BOA001  |j MZK50  |s P